Top Five States in Each Category #1 - Statistics

General Stats
  • This quiz has been taken 89 times
  • The average score is 47 of 50
Answer Stats
State % Correct
California
100%
California
100%
California
100%
California
100%
California
100%
California
100%
Florida
99%
Florida
99%
Florida
99%
New York
99%
New York
99%
New York
99%
New York
99%
New York
99%
Texas
99%
Texas
99%
Texas
99%
Texas
99%
Alaska
98%
Alaska
98%
Alaska
98%
Wyoming
96%
Wyoming
96%
Washington
95%
Washington
95%
New Jersey
94%
South Dakota
94%
South Dakota
94%
Montana
93%
New Mexico
93%
North Dakota
93%
Rhode Island
93%
Hawaii
91%
Illinois
91%
Illinois
91%
Illinois
91%
Colorado
90%
Georgia
89%
Idaho
89%
Massachusetts
89%
Massachusetts
89%
Connecticut
88%
Connecticut
88%
Vermont
88%
Pennsylvania
86%
Pennsylvania
86%
Maryland
85%
South Carolina
84%
West Virginia
79%
Louisiana
78%
No matching quizzes found
Score Distribution
Percent of People with Each Score
Percentile by Number Answered
Your Score History
You have not taken this quiz